[Event "ODJM C 2025"]
[Site "Willingen GER"]
[Date "2025.06.14"]
[Round "9"]
[White "Schmidt, Eric"]
[Black "Romberg, Moritz"]
[Result "0-1"]
[Termination "normal"]
[Board "4"]
[WhiteElo "1636"]
[BlackElo "1565"]
[WhiteClock "00:52:46"]
[BlackClock "01:17:34"]
[PlyCount "52"]
[WhiteFideId "34695419"]
[BlackFideId "34676600"]
[EventCountry "GER"]
[EventRounds "9"]
[EventType "swiss"]
[EventDate "2025.06.07"]

1. d4 {[%clk 01:30:59]} Nf6 {[%clk 01:30:55]} {[%emt 00:00:05]} 2. Nf3 {[%clk
01:31:24]} {[%emt 00:00:05]} e6 {[%clk 01:31:18]} {[%emt 00:00:08]} 3. c4
{[%clk 01:31:47]} {[%emt 00:00:07]} b6 {[%clk 01:31:32]} {[%emt 00:00:15]} 4.
a3 {[%clk 01:31:43]} {[%emt 00:00:34]} c5 {[%clk 01:31:49]} {[%emt 00:00:13]}
5. d5 {[%clk 01:31:17]} {[%emt 00:00:57]} exd5 {[%clk 01:31:27]} {[%emt
00:00:52]} 6. cxd5 {[%clk 01:31:27]} {[%emt 00:00:20]} Bb7 {[%clk 01:31:36]}
{[%emt 00:00:21]} 7. Nc3 {[%clk 01:31:42]} {[%emt 00:00:15]} d6 {[%clk
01:31:28]} {[%emt 00:00:36]} 8. Bg5 {[%clk 01:30:46]} {[%emt 00:01:27]} Nbd7
{[%clk 01:29:53]} {[%emt 00:02:04]} 9. e4 {[%clk 01:29:41]} {[%emt 00:01:36]}
g6 {[%clk 01:29:04]} {[%emt 00:01:19]} 10. Bb5 {[%clk 01:28:54]} {[%emt
00:01:17]} Bg7 {[%clk 01:28:33]} {[%emt 00:01:01]} 11. Qd2 {[%clk 01:28:34]}
{[%emt 00:00:50]} a6 {[%clk 01:27:44]} {[%emt 00:01:20]} 12. Bc4 {[%clk
01:25:40]} {[%emt 00:03:23]} O-O {[%clk 01:27:06]} {[%emt 00:01:08]} 13. O-O
{[%clk 01:25:56]} {[%emt 00:00:14]} b5 {[%clk 01:27:08]} {[%emt 00:00:28]} 14.
Ba2 {[%clk 01:26:19]} {[%emt 00:00:08]} Qc7 {[%clk 01:27:03]} {[%emt 00:00:34]}
15. Bh6 {[%clk 01:25:34]} {[%emt 00:01:16]} Rfe8 {[%clk 01:26:14]} {[%emt
00:01:18]} 16. Rfe1 {[%clk 01:25:02]} {[%emt 00:01:02]} c4 {[%clk 01:23:38]}
{[%emt 00:03:07]} 17. Bxg7 {[%clk 01:23:23]} {[%emt 00:02:09]} Kxg7 {[%clk
01:23:57]} {[%emt 00:00:11]} 18. Rac1 {[%clk 01:23:23]} {[%emt 00:00:29]} Nc5
{[%clk 01:24:05]} {[%emt 00:00:23]} 19. e5 {[%clk 01:13:18]} {[%emt 00:10:34]}
dxe5 {[%clk 01:23:32]} {[%emt 00:01:02]} 20. d6 {[%clk 01:13:05]} {[%emt
00:00:44]} Qc6 {[%clk 01:23:25]} {[%emt 00:00:39]} 21. Rcd1 {[%clk 01:08:32]}
{[%emt 00:05:02]} Nd3 {[%clk 01:21:46]} {[%emt 00:02:08]} 22. Re2 {[%clk
01:03:12]} {[%emt 00:05:50]} Qxd6 {[%clk 01:20:31]} {[%emt 00:01:45]} 23. Bb1
{[%clk 01:03:28]} {[%emt 00:00:15]} Bxf3 {[%clk 01:20:01]} {[%emt 00:01:00]}
24. gxf3 {[%clk 01:03:42]} {[%emt 00:00:15]} Nh5 {[%clk 01:17:55]} {[%emt
00:02:36]} 25. Qg5 {[%clk 00:54:23]} {[%emt 00:09:49]} Nhf4 {[%clk 01:17:10]}
{[%emt 00:01:15]} 26. Red2 {[%clk 00:52:46]} {[%emt 00:02:07]} Nh3+ {[%clk
01:17:34]} {[%emt 00:00:06]} 0-1

[Event "ODJM C 2025"]
[Site "Willingen GER"]
[Date "2025.06.14"]
[Round "9"]
[White "Lange, Lene Marie"]
[Black "Winkler, Theo"]
[Result "1-0"]
[Termination "normal"]
[Board "6"]
[WhiteElo "1547"]
[BlackElo "1466"]
[WhiteClock "00:29:20"]
[BlackClock "00:08:38"]
[PlyCount "85"]
[WhiteFideId "34639748"]
[BlackFideId "34622330"]
[EventCountry "GER"]
[EventRounds "9"]
[EventType "swiss"]
[EventDate "2025.06.07"]

1. d4 {[%clk 01:30:59]} d6 {[%clk 01:30:48]} {[%emt 00:00:12]} 2. Bf4 {[%clk
01:31:18]} {[%emt 00:00:11]} Nf6 {[%clk 01:30:07]} {[%emt 00:01:11]} 3. Nf3
{[%clk 01:30:43]} {[%emt 00:01:06]} Nbd7 {[%clk 01:25:12]} {[%emt 00:05:24]} 4.
e3 {[%clk 01:26:33]} {[%emt 00:04:40]} c5 {[%clk 01:24:17]} {[%emt 00:01:26]}
5. c3 {[%clk 01:26:24]} {[%emt 00:00:39]} g6 {[%clk 01:15:27]} {[%emt
00:09:18]} 6. Bc4 {[%clk 01:18:21]} {[%emt 00:08:34]} Bg7 {[%clk 01:12:17]}
{[%emt 00:03:40]} 7. Qb3 {[%clk 01:13:58]} {[%emt 00:04:54]} O-O {[%clk
01:09:22]} {[%emt 00:03:25]} 8. Ng5 {[%clk 01:10:20]} {[%emt 00:04:07]} d5 9.
Bxd5 {[%clk 01:08:23]} Nxd5 {[%clk 01:07:03]} {[%emt 00:02:41]} 10. Qxd5 {[%clk
01:06:47]} {[%emt 00:02:07]} cxd4 {[%clk 01:07:12]} {[%emt 00:00:21]} 11. cxd4
{[%clk 01:06:47]} {[%emt 00:00:30]} e6 {[%clk 01:07:25]} {[%emt 00:00:17]} 12.
Qb3 {[%clk 01:05:13]} {[%emt 00:02:03]} e5 {[%clk 01:05:43]} {[%emt 00:02:11]}
13. dxe5 {[%clk 01:02:48]} {[%emt 00:02:56]} Bxe5 {[%clk 01:05:43]} {[%emt
00:00:30]} 14. Bxe5 {[%clk 01:01:10]} {[%emt 00:02:08]} Qxg5 {[%clk 01:06:04]}
{[%emt 00:00:09]} 15. Bg3 {[%clk 01:01:07]} {[%emt 00:00:33]} Nc5 {[%clk
01:05:53]} {[%emt 00:00:42]} 16. Qc2 {[%clk 00:57:47]} {[%emt 00:03:48]} Rd8
{[%clk 01:03:05]} {[%emt 00:03:19]} 17. O-O {[%clk 00:56:10]} {[%emt 00:02:08]}
Be6 {[%clk 00:57:17]} {[%emt 00:06:17]} 18. Nd2 {[%clk 00:51:29]} {[%emt
00:05:12]} Nd3 {[%clk 00:52:27]} {[%emt 00:05:19]} 19. Nf3 {[%clk 00:49:39]}
{[%emt 00:02:20]} Qf6 {[%clk 00:51:05]} {[%emt 00:01:51]} 20. Bh4 {[%clk
00:48:55]} {[%emt 00:01:15]} Qxb2 {[%clk 00:46:31]} {[%emt 00:05:04]} 21. Qxb2
{[%clk 00:48:32]} {[%emt 00:00:54]} Nxb2 {[%clk 00:46:57]} {[%emt 00:00:03]}
22. Bxd8 {[%clk 00:48:36]} {[%emt 00:00:26]} Rxd8 {[%clk 00:47:22]} {[%emt
00:00:06]} 23. Rab1 {[%clk 00:48:09]} {[%emt 00:00:57]} Na4 {[%clk 00:44:42]}
{[%emt 00:03:09]} 24. Rxb7 {[%clk 00:47:31]} {[%emt 00:01:09]} Bc4 {[%clk
00:43:33]} {[%emt 00:01:39]} 25. Rc1 {[%clk 00:46:51]} {[%emt 00:01:07]} Nc3
{[%clk 00:42:55]} {[%emt 00:01:10]} 26. Re1 {[%clk 00:45:04]} {[%emt 00:02:13]}
Ne2+ {[%clk 00:42:32]} {[%emt 00:00:58]} 27. Kh1 {[%clk 00:44:59]} {[%emt
00:00:35]} a6 {[%clk 00:38:54]} {[%emt 00:04:07]} 28. h3 {[%emt 00:10:12]} Re8
{[%emt 00:03:55]} 29. Ng5 {[%clk 00:38:26]} {[%emt 00:03:24]} Bd5 30. Rc7
{[%emt 00:09:47]} Nd4 {[%emt 00:03:07]} 31. Rec1 {[%emt 00:03:29]} Re5 {[%emt
00:01:24]} 32. Nxf7 {[%emt 00:00:53]} Bxf7 {[%emt 00:01:04]} 33. exd4 {[%clk
00:34:21]} {[%emt 00:00:01]} Rf5 {[%clk 00:16:31]} {[%emt 00:01:44]} 34. R1c2
{[%clk 00:32:59]} {[%emt 00:01:53]} Ra5 {[%clk 00:13:18]} {[%emt 00:03:42]} 35.
Ra7 {[%clk 00:30:17]} {[%emt 00:03:12]} Kg7 {[%clk 00:13:05]} {[%emt 00:00:43]}
36. Rcc7 {[%clk 00:30:03]} {[%emt 00:00:44]} Rf5 {[%clk 00:12:19]} {[%emt
00:01:16]} 37. d5 {[%clk 00:29:31]} {[%emt 00:01:03]} Rxf2 {[%clk 00:12:07]}
{[%emt 00:00:41]} 38. d6 {[%clk 00:29:39]} {[%emt 00:00:24]} Rf1+ {[%clk
00:10:15]} {[%emt 00:02:21]} 39. Kh2 {[%clk 00:30:01]} {[%emt 00:00:09]} Rf2
{[%clk 00:10:02]} {[%emt 00:00:42]} 40. d7 {[%clk 00:29:57]} {[%emt 00:00:34]}
Rd2 {[%clk 00:09:37]} {[%emt 00:00:55]} 41. Rc8 {[%clk 00:29:36]} {[%emt
00:00:52]} Bd5 {[%clk 00:08:22]} {[%emt 00:01:44]} 42. d8=Q+ {[%clk 00:29:20]}
{[%emt 00:00:45]} Kh6 {[%clk 00:08:38]} {[%emt 00:00:14]} 43. Qh4# {[%emt
00:00:24]} 1-0

[Event "ODJM C 2025"]
[Site "Willingen GER"]
[Date "2025.06.14"]
[Round "9"]
[White "Böker, Maximilian"]
[Black "Tamke, Quintus"]
[Result "1/2-1/2"]
[Termination "normal"]
[Board "7"]
[WhiteElo "1534"]
[BlackElo "1201"]
[WhiteClock "00:04:48"]
[BlackClock "00:52:34"]
[PlyCount "85"]
[WhiteFideId "34623868"]
[BlackFideId "533015856"]
[EventCountry "GER"]
[EventRounds "9"]
[EventType "swiss"]
[EventDate "2025.06.07"]

1. e4 {[%clk 01:30:56]} {[%emt 00:00:03]} c6 {[%clk 01:30:39]} {[%emt
00:00:21]} 2. Nc3 {[%clk 01:31:07]} {[%emt 00:00:19]} d5 {[%clk 01:30:37]}
{[%emt 00:00:33]} 3. Nf3 {[%clk 01:31:14]} {[%emt 00:00:22]} Bg4 {[%clk
01:30:44]} {[%emt 00:00:23]} 4. h3 {[%clk 01:30:42]} {[%emt 00:01:02]} Bxf3
{[%clk 01:30:18]} {[%emt 00:00:56]} 5. Qxf3 {[%clk 01:30:42]} {[%emt 00:00:31]}
e6 {[%clk 01:30:09]} {[%emt 00:00:39]} 6. d4 {[%clk 01:25:21]} {[%emt
00:05:51]} Nd7 {[%clk 01:28:04]} {[%emt 00:02:33]} 7. Bd3 {[%clk 01:20:36]}
{[%emt 00:05:16]} g6 {[%clk 01:26:21]} {[%emt 00:02:13]} 8. Be3 {[%clk
01:13:18]} {[%emt 00:07:47]} Bg7 {[%clk 01:25:24]} {[%emt 00:01:29]} 9. e5
{[%clk 01:09:42]} {[%emt 00:04:06]} Ne7 {[%clk 01:20:36]} {[%emt 00:05:17]} 10.
h4 {[%clk 01:05:35]} {[%emt 00:04:38]} c5 {[%clk 01:20:02]} {[%emt 00:01:04]}
11. Nb5 {[%clk 00:56:54]} {[%emt 00:09:10]} Nc8 {[%clk 01:16:30]} {[%emt
00:04:02]} 12. h5 {[%clk 00:38:46]} {[%emt 00:18:38]} cxd4 {[%clk 01:10:02]}
{[%emt 00:06:58]} 13. hxg6 {[%clk 00:32:58]} {[%emt 00:06:17]} Nxe5 {[%clk
01:09:23]} {[%emt 00:01:10]} 14. Qf4 {[%clk 00:23:31]} {[%emt 00:09:56]} dxe3
{[%clk 01:08:40]} {[%emt 00:01:14]} 15. Rxh7 {[%clk 00:17:53]} {[%emt
00:06:07]} Rxh7 {[%clk 01:06:34]} {[%emt 00:02:37]} 16. gxh7 {[%clk 00:18:06]}
{[%emt 00:00:17]} exf2+ {[%clk 01:04:32]} {[%emt 00:02:32]} 17. Ke2 {[%clk
00:14:25]} {[%emt 00:04:12]} Kf8 {[%clk 01:04:03]} {[%emt 00:00:59]} 18. Rh1
{[%clk 00:12:26]} {[%emt 00:02:29]} Bh8 {[%clk 00:59:05]} {[%emt 00:05:28]} 19.
Qg3 {[%clk 00:10:53]} {[%emt 00:02:03]} Ne7 {[%clk 00:59:09]} {[%emt 00:00:26]}
20. Rh5 {[%clk 00:08:48]} {[%emt 00:02:34]} N5g6 {[%clk 00:57:22]} {[%emt
00:02:17]} 21. Rg5 {[%clk 00:06:20]} {[%emt 00:02:59]} a6 {[%clk 00:53:00]}
{[%emt 00:04:52]} 22. Bxg6 {[%clk 00:06:09]} {[%emt 00:00:40]} Nxg6 {[%clk
00:53:22]} {[%emt 00:00:08]} 23. Rxg6 {[%clk 00:05:58]} {[%emt 00:00:41]} fxg6
{[%clk 00:53:43]} {[%emt 00:00:09]} 24. Nc7 {[%clk 00:05:51]} {[%emt 00:00:37]}
f1=Q+ {[%clk 00:53:18]} {[%emt 00:00:55]} 25. Kxf1 {[%clk 00:06:15]} {[%emt
00:00:06]} Qf6+ {[%clk 00:53:26]} {[%emt 00:00:22]} 26. Kg1 {[%clk 00:06:14]}
{[%emt 00:00:31]} Re8 {[%clk 00:52:13]} {[%emt 00:01:43]} 27. Qd6+ {[%clk
00:05:42]} {[%emt 00:01:02]} Kf7 {[%clk 00:51:36]} {[%emt 00:01:06]} 28. Nxe8
{[%clk 00:04:00]} {[%emt 00:02:12]} Kxe8 {[%clk 00:51:45]} {[%emt 00:00:21]}
29. Qb8+ {[%clk 00:04:02]} {[%emt 00:00:28]} Qd8 {[%clk 00:51:46]} {[%emt
00:00:29]} 30. Qxb7 {[%clk 00:03:42]} {[%emt 00:00:50]} Kf8 {[%clk 00:50:45]}
{[%emt 00:01:31]} 31. Qxa6 {[%clk 00:03:40]} {[%emt 00:00:33]} Qe7 {[%clk
00:50:57]} {[%emt 00:00:17]} 32. Qa8+ {[%clk 00:03:50]} {[%emt 00:00:30]} Kg7
{[%clk 00:51:18]} 33. Qg8+ {[%clk 00:03:44]} {[%emt 00:00:33]} Kh6 {[%clk
00:51:41]} {[%emt 00:00:09]} 34. Qxh8 {[%clk 00:03:54]} {[%emt 00:00:19]} Qc5+
{[%clk 00:51:33]} {[%emt 00:00:39]} 35. Kh1 {[%clk 00:04:09]} {[%emt 00:00:16]}
Qxc2 {[%clk 00:51:19]} {[%emt 00:00:44]} 36. Qg8 {[%clk 00:03:52]} {[%emt
00:00:44]} Qd1+ {[%clk 00:51:36]} {[%emt 00:00:16]} 37. Kh2 {[%clk 00:04:08]}
{[%emt 00:00:12]} Qh5+ {[%clk 00:52:01]} {[%emt 00:00:06]} 38. Kg1 {[%clk
00:04:16]} {[%emt 00:00:22]} Qd1+ {[%clk 00:52:15]} {[%emt 00:00:16]} 39. Kf2
{[%clk 00:04:19]} {[%emt 00:00:26]} Qd2+ {[%clk 00:52:35]} {[%emt 00:00:12]}
40. Kg3 {[%clk 00:04:07]} {[%emt 00:00:42]} Qg5+ {[%clk 00:52:31]} {[%emt
00:00:33]} 41. Kh2 {[%clk 00:04:04]} {[%emt 00:00:33]} Qh4+ {[%clk 00:52:41]}
{[%emt 00:00:20]} 42. Kg1 {[%clk 00:04:24]} {[%emt 00:00:10]} Qe1+ {[%clk
00:52:34]} {[%emt 00:00:37]} 43. Kh2 {[%clk 00:04:48]} {[%emt 00:00:05]}
1/2-1/2

[Event "ODJM C 2025"]
[Site "Willingen GER"]
[Date "2025.06.14"]
[Round "9"]
[White "Yang, Everest"]
[Black "Anzinger, Simon"]
[Result "0-1"]
[Termination "normal"]
[Board "8"]
[WhiteElo "1629"]
[BlackElo "1541"]
[WhiteClock "00:38:30"]
[BlackClock "01:02:10"]
[PlyCount "82"]
[WhiteFideId "533021570"]
[BlackFideId "34698825"]
[EventCountry "GER"]
[EventRounds "9"]
[EventType "swiss"]
[EventDate "2025.06.07"]

1. d4 {[%clk 01:30:59]} {[%emt 00:00:01]} Nf6 {[%clk 01:30:55]} {[%emt
00:00:05]} 2. Bg5 {[%clk 01:31:20]} {[%emt 00:00:09]} g6 {[%clk 01:31:12]}
{[%emt 00:00:13]} 3. Bxf6 {[%clk 01:31:39]} {[%emt 00:00:11]} exf6 {[%clk
01:31:24]} {[%emt 00:00:18]} 4. e3 {[%clk 01:31:48]} {[%emt 00:00:21]} Bg7
{[%clk 01:31:29]} {[%emt 00:00:24]} 5. g3 {[%clk 01:31:56]} {[%emt 00:00:23]}
O-O {[%clk 01:30:57]} {[%emt 00:01:02]} 6. Bg2 {[%clk 01:32:14]} {[%emt
00:00:12]} d5 {[%clk 01:29:54]} {[%emt 00:01:32]} 7. Ne2 {[%clk 01:32:24]}
{[%emt 00:00:20]} Bf5 {[%clk 01:28:53]} {[%emt 00:01:31]} 8. O-O {[%clk
01:31:11]} {[%emt 00:01:43]} Qd7 {[%clk 01:28:50]} {[%emt 00:00:33]} 9. Re1
{[%clk 01:28:51]} {[%emt 00:02:50]} Re8 {[%clk 01:28:15]} {[%emt 00:01:04]} 10.
c4 {[%clk 01:27:48]} {[%emt 00:01:34]} Be6 {[%clk 01:27:11]} {[%emt 00:01:34]}
11. Qb3 {[%clk 01:27:13]} {[%emt 00:01:03]} c6 {[%emt 00:02:25]} 12. cxd5
{[%clk 01:24:29]} {[%emt 00:01:12]} Bxd5 {[%clk 01:27:36]} {[%emt 00:00:15]}
13. Bxd5 {[%clk 01:24:42]} {[%emt 00:00:17]} cxd5 {[%clk 01:27:48]} {[%emt
00:00:17]} 14. Nbc3 {[%clk 01:24:50]} {[%emt 00:00:22]} Nc6 {[%clk 01:27:08]}
{[%emt 00:01:11]} 15. Qxd5 {[%emt 00:00:46]} Qxd5 {[%clk 01:27:20]} {[%emt
00:00:14]} 16. Nxd5 {[%clk 01:24:58]} {[%emt 00:00:09]} Rad8 {[%clk 01:27:17]}
{[%emt 00:00:33]} 17. Nec3 {[%clk 01:23:28]} {[%emt 00:02:00]} g5 {[%clk
01:18:29]} {[%emt 00:09:19]} 18. b4 {[%clk 01:16:39]} {[%emt 00:07:18]} a6
{[%clk 01:17:41]} {[%emt 00:01:19]} 19. a4 {[%clk 01:14:10]} {[%emt 00:02:58]}
Re6 {[%clk 01:10:01]} {[%emt 00:08:11]} 20. a5 {[%clk 01:07:53]} {[%emt
00:06:48]} Red6 {[%clk 01:10:07]} {[%emt 00:00:24]} 21. Nb6 {[%clk 00:57:53]}
{[%emt 00:10:29]} Nxb4 {[%clk 01:10:03]} {[%emt 00:00:34]} 22. Rab1 {[%clk
00:55:01]} {[%emt 00:03:23]} Nc6 {[%clk 01:10:11]} {[%emt 00:00:21]} 23. Ne4
{[%clk 00:50:08]} {[%emt 00:05:23]} Re6 {[%clk 01:10:01]} {[%emt 00:00:40]} 24.
Nc5 {[%clk 00:45:47]} {[%emt 00:04:51]} Re7 {[%clk 01:08:35]} {[%emt 00:01:56]}
25. Nc4 {[%clk 00:44:38]} {[%emt 00:01:39]} Rc7 {[%clk 01:04:34]} {[%emt
00:04:28]} 26. Nxb7 {[%clk 00:43:50]} {[%emt 00:01:22]} Rdd7 {[%clk 01:03:19]}
{[%emt 00:01:44]} 27. Nc5 {[%clk 00:43:23]} {[%emt 00:00:57]} Rd5 {[%clk
01:02:02]} {[%emt 00:01:47]} 28. Rb6 {[%clk 00:43:08]} {[%emt 00:00:45]} Nxd4
{[%clk 01:01:36]} {[%emt 00:00:56]} 29. exd4 {[%clk 00:43:02]} {[%emt
00:00:36]} Rxd4 {[%clk 01:01:46]} {[%emt 00:00:20]} 30. Rb8+ {[%clk 00:43:09]}
{[%emt 00:00:24]} Bf8 {[%clk 01:01:53]} {[%emt 00:00:23]} 31. Ree8 {[%clk
00:43:37]} {[%emt 00:00:02]} Rxc5 {[%clk 01:01:48]} {[%emt 00:00:35]} 32. Rxf8+
{[%clk 00:43:44]} {[%emt 00:00:23]} Kg7 {[%clk 01:02:08]} {[%emt 00:00:09]} 33.
Rg8+ {[%clk 00:41:44]} {[%emt 00:02:30]} Kh6 {[%clk 01:02:33]} {[%emt
00:00:06]} 34. Nb6 {[%clk 00:41:16]} {[%emt 00:00:58]} Rxa5 {[%clk 01:02:56]}
{[%emt 00:00:06]} 35. Ra8 {[%clk 00:40:48]} {[%emt 00:00:58]} Rd2 {[%clk
01:02:49]} {[%emt 00:00:37]} 36. Rgd8 {[%clk 00:40:45]} {[%emt 00:00:33]} Re2
{[%clk 01:01:59]} {[%emt 00:01:20]} 37. Rd6 {[%clk 00:40:02]} {[%emt 00:01:14]}
Kg7 {[%clk 01:02:04]} {[%emt 00:00:24]} 38. Rd3 {[%clk 00:39:00]} {[%emt
00:01:32]} Rf5 {[%clk 01:01:41]} {[%emt 00:00:53]} 39. f3 {[%clk 00:38:35]}
{[%emt 00:00:55]} g4 {[%clk 01:01:44]} {[%emt 00:00:27]} 40. f4 {[%clk
00:38:53]} {[%emt 00:00:13]} Rb5 {[%clk 01:01:55]} {[%emt 00:00:18]} 41. Na4
{[%clk 00:38:30]} {[%emt 00:00:54]} Rb1+ {[%clk 01:02:10]} {[%emt 00:00:15]}
0-1

[Event "ODJM C 2025"]
[Site "Willingen GER"]
[Date "2025.06.14"]
[Round "9"]
[White "Özkurt, Alper"]
[Black "Kutz, Henning Jasper"]
[Result "1-0"]
[Termination "normal"]
[Board "9"]
[WhiteElo "1523"]
[BlackElo "1552"]
[WhiteClock "01:34:23"]
[BlackClock "01:28:18"]
[PlyCount "39"]
[WhiteFideId "34655190"]
[BlackFideId "34612882"]
[EventCountry "GER"]
[EventRounds "9"]
[EventType "swiss"]
[EventDate "2025.06.07"]

1. e4 {[%clk 01:30:57]} {[%emt 00:00:03]} e5 {[%clk 01:30:56]} {[%emt
00:00:04]} 2. Nf3 {[%clk 01:31:24]} {[%emt 00:00:03]} Nc6 {[%clk 01:31:19]}
{[%emt 00:00:07]} 3. Bc4 {[%clk 01:31:52]} {[%emt 00:00:02]} Bc5 {[%clk
01:31:43]} {[%emt 00:00:06]} 4. b4 {[%clk 01:32:20]} {[%emt 00:00:01]} Bxb4
{[%clk 01:31:55]} {[%emt 00:00:19]} 5. c3 {[%clk 01:32:48]} {[%emt 00:00:02]}
Bc5 {[%clk 01:32:01]} {[%emt 00:00:24]} 6. d4 {[%clk 01:33:16]} {[%emt
00:00:01]} exd4 {[%clk 01:32:14]} {[%emt 00:00:18]} 7. O-O {[%clk 01:33:34]}
{[%emt 00:00:12]} dxc3 {[%clk 01:32:36]} {[%emt 00:00:07]} 8. Bxf7+ {[%clk
01:34:00]} {[%emt 00:00:06]} Kxf7 {[%clk 01:33:00]} {[%emt 00:00:05]} 9. Qd5+
{[%clk 01:34:27]} {[%emt 00:00:03]} Ke8 {[%clk 01:33:01]} {[%emt 00:00:29]} 10.
Qh5+ {[%clk 01:34:51]} {[%emt 00:00:04]} g6 {[%clk 01:33:24]} {[%emt 00:00:08]}
11. Qxc5 {[%clk 01:35:18]} {[%emt 00:00:03]} Nf6 {[%clk 01:33:21]} {[%emt
00:00:32]} 12. Qxc3 {[%clk 01:35:32]} {[%emt 00:00:17]} Ke7 {[%clk 01:33:33]}
{[%emt 00:00:18]} 13. Bg5 {[%clk 01:35:36]} {[%emt 00:00:25]} Rf8 {[%clk
01:33:39]} {[%emt 00:00:24]} 14. e5 {[%clk 01:35:55]} {[%emt 00:00:11]} Ke6
{[%clk 01:32:47]} {[%emt 00:01:22]} 15. Bxf6 {[%clk 01:35:26]} {[%emt
00:01:00]} Rxf6 {[%clk 01:33:10]} {[%emt 00:00:07]} 16. exf6 {[%clk 01:35:37]}
{[%emt 00:00:18]} d6 {[%clk 01:32:47]} {[%emt 00:00:53]} 17. Re1+ {[%clk
01:35:30]} {[%emt 00:00:37]} Kf7 {[%clk 01:32:18]} {[%emt 00:01:00]} 18. Ng5+
{[%clk 01:35:15]} {[%emt 00:00:45]} Kg8 {[%clk 01:28:45]} {[%emt 00:04:01]} 19.
f7+ {[%clk 01:33:59]} {[%emt 00:01:46]} Kf8 {[%clk 01:28:18]} {[%emt 00:00:58]}
20. Qh8# {[%clk 01:34:23]} {[%emt 00:00:06]} 1-0